Normal view
MARC view
Entry Personal Name
001 - CONTROL NUMBER
- control field: 70912
003 - CONTROL NUMBER IDENTIFIER
- control field: dpl
005 - DATE AND TIME OF LATEST TRANSACTION
- control field: 20240903144105.0
008 - FIXED-LENGTH DATA ELEMENTS
- fixed length control field: 240903|| aca||aabn | a|a d
040 ## - CATALOGING SOURCE
- Original cataloging agency: dpl
- Transcribing agency: dpl
100 ## - HEADING--PERSONAL NAME
- Personal name: Santvan, Virender K
670 ## - SOURCE DATA FOUND
- Source citation: Work cat.: (dpl)205495: 70408, Annotated Bibliography on Himalaya:, 2007
